| 000 | 01250nam a22001937a 4500 | ||
|---|---|---|---|
| 999 |
_c64094 _d64094 |
||
| 003 | Ge_BSU | ||
| 005 | 20260330113823.0 | ||
| 008 | 260330s2006 ge ||||| |||| 00| 0 geo d | ||
| 020 | _a9994034510 | ||
| 041 | _ageo | ||
| 080 | _a330.1 მ-55 | ||
| 100 |
_aმენგერი, კარლ _927238 |
||
| 245 |
_aეკონომიკის საფუძვლები / _cკარლ მენგერი; შესავ. წერილის ავტ. ფ.ა. ჰაიეკი; ინგლ. ენ. თარგმნეს ჯეიმს დინგოულმა და ბერტ ფ. ჰოზელიცმა, ინგლ. ენიდან თარგმნა ხათუნა ახობაძემ; [მთ. რედ. ანა ახვლედიანი; ფონდი "ღია საზოგადოება-საქართველო"]. |
||
| 264 |
_a[თბილისი] : _bგია ქარჩხაძის გამ-ბა, _c2006. |
||
| 300 |
_a307 გვ. ; _b20 სმ. |
||
| 504 | _aბიბლიოგრ. ტექსტ. შენიშვნ. და გვ. 306-307. | ||
| 653 | _aეკონომიკის თეორია | ||
| 942 |
_2udc _cᲬᲘᲒᲜᲘ |
||